000 01691cam a2200457 a 4500
001 2635
003 FISKH
005 20240523112758.0
008 060713s2007 nyu c 000 1 eng
010 _a 2006019357
020 _a9780385903486 (lib. bdg.)
020 _a0385903480 (lib. bdg.)
020 _a9780385733311 (pbk.)
020 _a0385733313 (pbk.)
020 _a9780545333276
035 _a(OCoLC)ocm70407621
035 _a(OCoLC)70407621
040 _aDLC
_cDLC
_dBAKER
_dOCLCQ
_dBTCTA
_dMLY
_dBKX
_dOCLCQ
_dDLC
_beng
042 _alcac
_alcac
050 0 0 _aPZ7.T233
_bSca 2007
082 0 0 _a[Fic]
_222
100 1 _aTeitelbaum, Michael.
245 1 4 _aThe scary states of America /
_cMichael Teitelbaum.
250 _aFirst Scholastic printing, January 2011
260 _aNew York :
_bScholastic,
_c2007.
300 _a404 pages ;
_c20 cm
500 _a"50 weird and terrifying stories based on true events"--Cover.
520 _aTwelve-year-old Jason Specter, self-proclaimed "clearing house for the weird," introduces and presents his favorite stories of the paranormal--one from each state of the Union--submitted to the Web site he created after his own encounter with a ghost at school three years earlier.
650 0 _aHaunted places
_vJuvenile fiction.
650 0 _aParanormal fiction.
650 0 _aGhost stories.
650 0 _aParanormal fiction.
650 0 _aChildren's stories, American.
650 1 _aHaunted places
_vFiction.
650 1 _aSupernatural
_vFiction.
650 1 _aGhosts
_vFiction.
650 1 _aOccultism
_vFiction.
650 1 _aShort stories.
906 _a7
_bcbc
_corignew
_d1
_eecip
_f20
_gy-gencatlg
942 _2ddc
_cBK
_n0
999 _c2635
_d2635